| 000 | 00669cam a22002533a 4500 | ||
|---|---|---|---|
| 001 | 129 | ||
| 003 | PGUSA | ||
| 005 | 20140828082944.0 | ||
| 008 | 940501s1994||||xxu|||||s|||||000 | eng d | ||
| 040 |
_aPGUSA _beng |
||
| 042 | _adc | ||
| 050 | 4 | _aQA | |
| 100 | 1 | _aBonnell, Jerry T. | |
| 245 | 1 | 4 |
_aThe Square Root of 2 _h[electronic resource] / _cJerry T. Bonnell |
| 260 |
_bProject Gutenberg, _c1994 |
||
| 500 | _ato 5 million digits | ||
| 506 | _aPublic domain in the USA. | ||
| 516 | _aElectronic text | ||
| 653 | _aMathematics | ||
| 653 | _aSquare root | ||
| 830 | 0 |
_aProject Gutenberg _v129 |
|
| 856 | 4 | 0 | _uhttp://www.gutenberg.org/ebooks/129 |
| 942 | _cEB | ||
| 999 |
_c229500 _d229500 |
||